[Event "27th Czech Open A 2016"]
[Site "Pardubice CZE"]
[Date "2016.07.28"]
[Round "7.55"]
[White "Mueer, Sebastian"]
[Black "Makoto, Rodwell"]
[Result "0-1"]
[BlackTitle "IM"]
[WhiteElo "2216"]
[BlackElo "2406"]
[WhiteFideId "24622001"]
[BlackFideId "11000120"]
[EventDate "2016.07.22"]

1. e4 e5 2. Nf3 Nc6 3. Bb5 a6 4. Ba4 Nf6 5. O-O b5 6. Bb3 Bc5 7. c3 d6 8. d4 Bb6
9. a4 Rb8 10. axb5 axb5 11. Na3 O-O 12. Nxb5 Bg4 13. Qd3 Bxf3 14. gxf3 exd4 15.
cxd4 Nxd4 16. Nxd4 Bxd4 17. Qxd4 Rxb3 18. Ra3 Qb8 19. Kh1 Rxa3 20. bxa3 Qb3 21.
Be3 Qxa3 22. Rg1 Ne8 23. Rg3 Qb3 24. Bh6 f6 25. f4 c5 26. Qa1 Qb7 27. Qa2+ Qf7
28. Qa8 Kh8 29. Ra3 gxh6 30. Ra7 Qh5 0-1

[Event "27th Czech Open A 2016"]
[Site "Pardubice CZE"]
[Date "2016.07.28"]
[Round "7.56"]
[White "Roy, Prantik"]
[Black "Hollan, Petr"]
[Result "1-0"]
[WhiteTitle "IM"]
[BlackTitle "FM"]
[WhiteElo "2403"]
[BlackElo "2263"]
[WhiteFideId "5035120"]
[BlackFideId "360945"]
[EventDate "2016.07.22"]

1. d4 d5 2. Nf3 Nf6 3. c4 dxc4 4. e3 e6 5. Bxc4 c5 6. O-O Nc6 7. Nc3 Be7 8. Qe2
cxd4 9. Rd1 O-O 10. exd4 Nb4 11. Bg5 Nbd5 12. Ne5 Nxc3 13. bxc3 Nd5 14. Bxe7
Nxe7 15. Bd3 Nd5 16. Qe4 g6 17. Rac1 Qg5 18. Bf1 Rb8 19. c4 Ne7 20. Rc3 f6 21.
Nf3 Qf5 22. Qe3 Bd7 23. d5 e5 24. c5 Rfd8 25. Bc4 Kh8 26. Bb3 Bb5 27. h3 Qh5 28.
Kh2 Nf5 29. Qe4 Qh6 30. a4 Be8 31. g4 Nh4 32. Nxh4 Qxh4 33. Kg2 h5 34. a5 a6 35.
f4 hxg4 36. fxe5 f5 37. Qf4 Bc6 38. hxg4 Kg7 39. e6 Qxg4+ 40. Qxg4 fxg4 41. dxc6
Rxd1 42. Bxd1 bxc6 43. Bxg4 Rb4 44. Kg3 Kf6 45. Rf3+ Kg5 46. Bh3 Re4 47. Kf2
Rxe6 48. Bxe6 1-0

[Event "27th Czech Open A 2016"]
[Site "Pardubice CZE"]
[Date "2016.07.28"]
[Round "7.57"]
[White "Semjonovs, Ilja"]
[Black "Girish, A. Koushik"]
[Result "1/2-1/2"]
[BlackTitle "IM"]
[WhiteElo "2181"]
[BlackElo "2399"]
[WhiteFideId "11604263"]
[BlackFideId "5038448"]
[EventDate "2016.07.22"]

1. e4 e5 2. Nf3 Nc6 3. Bb5 a6 4. Ba4 Nf6 5. O-O Be7 6. Re1 b5 7. Bb3 d6 8. a4
Rb8 9. c3 O-O 10. axb5 axb5 11. d4 exd4 12. Nxd4 Nxd4 13. cxd4 c5 14. e5 dxe5
15. dxe5 Qxd1 16. Rxd1 Ng4 17. Ra7 Bh4 18. g3 c4 19. gxh4 cxb3 20. Bf4 Be6 21.
Nc3 b4 22. Ne4 Rb5 23. Ng5 Bc8 24. Rc1 Nxe5 25. Bxe5 Rxe5 26. Nxf7 Re4 27. Rcc7
Rg4+ 28. Kf1 Rg6 29. Ne5 Bh3+ 30. Ke2 Rg2 31. Ke3 Bf5 32. Re7 Bc2 33. Rab7 Rg1
34. Nf3 Rg4 35. Ng5 Rxh4 36. Rxg7+ Kh8 37. Rge7 Rxh2 38. Rxb4 Rhxf2 39. Rh4 Rf1
40. Kd2 Rd1+ 41. Kc3 Rdf1 42. Nxh7 R1f3+ 43. Kd2 Rf2+ 44. Ke1 Rf1+ 45. Kd2 R1f2+ 1/2-1/2

[Event "27th Czech Open A 2016"]
[Site "Pardubice CZE"]
[Date "2016.07.28"]
[Round "7.58"]
[White "Lomasov, Semen"]
[Black "Ragnarsson, Dagur"]
[Result "1-0"]
[WhiteTitle "FM"]
[BlackTitle "FM"]
[WhiteElo "2395"]
[BlackElo "2274"]
[WhiteFideId "24164879"]
[BlackFideId "2304058"]
[EventDate "2016.07.22"]

1. e4 e6 2. d4 d5 3. Nc3 Bb4 4. e5 Ne7 5. a3 Bxc3+ 6. bxc3 b6 7. h4 h5 8. Be2 g6
9. Bg5 c5 10. Nf3 Ba6 11. dxc5 bxc5 12. Bxa6 Nxa6 13. Bf6 Rg8 14. O-O Qa5 15. c4
Nc7 16. Ng5 Qa6 17. cxd5 exd5 18. c4 d4 19. Ne4 Qc6 20. Qf3 Kd7 21. e6+ fxe6 22.
Bxe7 Kxe7 23. Qf6+ Ke8 24. Qe5 Rf8 25. Nxc5 Rf5 26. Qh8+ Ke7 27. Qg7+ Rf7 28.
Qxd4 Rd8 29. Qe3 Rf5 30. Ne4 Re5 31. Rfe1 Ne8 32. Qf4 Rf5 33. Qh6 Rd4 34. f3 e5
35. Ng3 Rf6 36. Rxe5+ Kd8 37. Rae1 1-0

[Event "27th Czech Open A 2016"]
[Site "Pardubice CZE"]
[Date "2016.07.28"]
[Round "7.59"]
[White "Tunik, Gennady"]
[Black "Chekletsov, Ilya"]
[Result "1-0"]
[WhiteTitle "GM"]
[BlackTitle "FM"]
[WhiteElo "2390"]
[BlackElo "2223"]
[WhiteFideId "4101219"]
[BlackFideId "24177156"]
[EventDate "2016.07.22"]

1. d4 Nf6 2. c4 e6 3. Nf3 b6 4. g3 Bb7 5. Bg2 Be7 6. Nc3 O-O 7. O-O Na6 8. Ne5
d5 9. Bf4 c5 10. dxc5 Nxc5 11. cxd5 exd5 12. Nb5 Ne6 13. Be3 Bc5 14. Nd4 Qd6 15.
Nef3 Ng4 16. Bc1 Ne5 17. Nc2 Rac8 18. Bd2 Nc6 19. a3 b5 20. Rc1 Rfd8 21. Nce1
Bb6 22. Nd3 a6 23. Bc3 d4 24. Bd2 Na5 25. Rxc8 Rxc8 26. Bb4 Qc7 27. Bxa5 Bxa5
28. Bh3 Qd6 29. Qb1 Rd8 30. Rc1 h6 31. Bg2 Be4 32. Nfe5 Bxg2 33. Kxg2 Re8 34.
Qa2 Nd8 35. b4 Bc7 36. Rc5 Qe7 37. Rd5 Bxe5 38. Rxe5 Qb7+ 39. Qd5 Rxe5 40. Qxb7
Nxb7 41. Nxe5 Nd6 42. Kf3 Kf8 43. Nc6 Nc4 44. Ke4 Ke8 45. Kxd4 Nxa3 46. Nb8 Nb1
47. Nxa6 Kd7 48. Nc5+ Kd6 49. Ne4+ Kc6 50. Kd3 Kd5 51. f3 Ke5 52. e3 g5 53. g4
Ke6 54. Nd2 Nxd2 55. Kxd2 Kd5 56. Kc3 Ke5 57. Kd3 f6 58. h3 Kd5 59. f4 Ke6 60.
Ke4 1-0

[Event "27th Czech Open A 2016"]
[Site "Pardubice CZE"]
[Date "2016.07.28"]
[Round "7.60"]
[White "Galaktionov, Artem"]
[Black "Petr, Martin"]
[Result "0-1"]
[BlackTitle "GM"]
[WhiteElo "2269"]
[BlackElo "2505"]
[WhiteFideId "24175471"]
[BlackFideId "318299"]
[EventDate "2016.07.22"]

1. d4 Nf6 2. Nf3 d5 3. c4 e6 4. Nc3 c6 5. g3 dxc4 6. Bg2 b5 7. a4 b4 8. Nb1 Nbd7
9. O-O a5 10. Bg5 Ba6 11. Re1 Be7 12. e4 h6 13. Bxf6 Bxf6 14. Nbd2 O-O 15. e5
Be7 16. Re4 Nb6 17. Nh4 Ra7 18. Qh5 Bg5 19. Ndf3 c3 20. bxc3 Bd3 21. Nxg5 Qxg5
22. Qxg5 hxg5 23. Re3 Bc2 24. Nf3 b3 25. Nd2 Nd5 26. Ree1 Nxc3 27. Ra3 Rb8 28.
Re3 Nd1 29. Rexb3 Bxb3 30. Rxb3 Rxb3 31. Nxb3 Nc3 32. Bxc6 Ra6 33. Bb7 Rb6 34.
Nxa5 Ne2+ 35. Kg2 Nxd4 36. Be4 Ra6 37. Nb7 Rxa4 38. f3 Ra2+ 39. Kh1 f5 40. exf6
gxf6 41. Nc5 f5 42. Bb7 Kf7 43. Nd3 Kf6 44. Kg1 Ra3 45. Ne1 Re3 46. Kf1 Rb3 47.
Ba6 Nxf3 48. Nxf3 Rxf3+ 49. Kg2 Ra3 50. Bc4 g4 51. Bb5 Ra2+ 52. Kg1 Rb2 53. Bd7
e5 54. Bc8 Kg5 55. Bd7 f4 56. h4+ gxh3 57. gxf4+ Kxf4 58. Bxh3 Kg3 59. Bf5 Rf2
60. Bg6 Rf4 0-1

[Event "27th Czech Open A 2016"]
[Site "Pardubice CZE"]
[Date "2016.07.28"]
[Round "7.61"]
[White "Vykouk, Jan"]
[Black "Eliseev, Evgeniy"]
[Result "1/2-1/2"]
[WhiteTitle "FM"]
[WhiteElo "2450"]
[BlackElo "2248"]
[WhiteFideId "349658"]
[BlackFideId "14139642"]
[EventDate "2016.07.22"]

1. e4 d6 2. d4 Nf6 3. Nc3 e5 4. Nf3 Nbd7 5. Bc4 Be7 6. a4 O-O 7. O-O c6 8. h3 a5
9. Qe2 exd4 10. Nxd4 Ne5 11. Ba2 c5 12. Nf3 Be6 13. Nxe5 dxe5 14. Bxe6 fxe6 15.
Qc4 Qb6 16. b3 Nh5 17. Be3 Rf6 18. Rad1 Nf4 19. Rd7 Bf8 20. Rfd1 Qb4 21. Bxf4
exf4 22. f3 Qb6 23. Qb5 Qxb5 24. Nxb5 c4 25. Rxb7 cxb3 26. cxb3 Rc8 27. Rc7 Rxc7
28. Nxc7 e5 29. Rc1 Rb6 30. Nb5 Kf7 31. Kf1 Kg6 32. Rc7 Bb4 33. Ke2 Kh6 34. Kd3
Rg6 35. Rc2 Kh5 36. Nc7 Kh4 37. Nd5 Kg3 38. Nxb4 axb4 39. Ra2 Rc6 40. a5 Rc3+
41. Ke2 Kxg2 42. a6 Rc8 43. a7 Ra8 44. h4 g6 45. Ra1 h5 46. Ra6 Kh3 47. Kf2 Kxh4
48. Kg2 g5 49. Ra1 g4 50. Ra5 g3 51. Ra6 Kg5 52. Kh3 h4 53. Kg2 Kh5 54. Kh3 Kg5
55. Kg2 Kh5 1/2-1/2

[Event "27th Czech Open A 2016"]
[Site "Pardubice CZE"]
[Date "2016.07.28"]
[Round "7.62"]
[White "Lee, Jun Hyeok"]
[Black "Zanan, Evgeny"]
[Result "0-1"]
[WhiteTitle "FM"]
[BlackTitle "FM"]
[WhiteElo "2261"]
[BlackElo "2450"]
[WhiteFideId "13202340"]
[BlackFideId "24101940"]
[EventDate "2016.07.22"]

1. d4 Nf6 2. c4 e6 3. Nc3 Bb4 4. Qc2 O-O 5. Nf3 d6 6. Bd2 c5 7. a3 Ba5 8. dxc5
dxc5 9. Rd1 Qe7 10. e3 Rd8 11. Bd3 Nbd7 12. O-O b6 13. e4 Bxc3 14. Bxc3 e5 15.
Qc1 Ne8 16. g3 Nd6 17. Nh4 Bb7 18. Rde1 Nf8 19. f4 Ne8 20. Nf5 Qe6 21. Bc2 Ng6
22. fxe5 h6 23. Nd6 Nxd6 24. exd6 Ne5 25. Rf5 f6 26. Qf4 Qxd6 27. Rd1 Qe6 28.
Bxe5 fxe5 29. Qxe5 Qxc4 30. Rdf1 Re8 31. Qc7 Qd4+ 32. R1f2 Bxe4 33. Qf7+ Kh8 34.
Rf4 Bd5 35. Qxe8+ Rxe8 36. Rxd4 cxd4 37. Rd2 Re1+ 38. Kf2 Rh1 39. h4 Rh2+ 40.
Ke1 Rh1+ 41. Kf2 Rc1 42. Bg6 Rc6 43. h5 Rf6+ 44. Ke1 Re6+ 45. Kf2 Be4 46. Rxd4
Bxg6 47. hxg6 Rxg6 48. Rd7 a5 49. Rb7 Kh7 50. Kg2 Rf6 51. Kh3 Kg6 52. Rd7 Re6
53. Rb7 Kf6 54. Kg4 g6 55. Rc7 Rd6 56. Rb7 h5+ 57. Kh4 Kf5 58. Rf7+ Rf6 59. Rb7
Rc6 60. Rf7+ Ke6 61. Rg7 Kf5 62. Rf7+ Rf6 63. Rc7 Ke4 64. Rd7 a4 65. Rc7 Kd4 66.
Rc2 Rf5 67. Rc6 b5 68. Rxg6 Rf2 69. Kxh5 Rh2+ 70. Kg4 Rxb2 71. Ra6 Rb3 72. Kf4
Rxa3 73. g4 Ra1 74. Ra5 Rf1+ 75. Kg3 Kc4 76. g5 Rg1+ 77. Kf4 Kb4 78. Ra6 a3 79.
g6 Kb3 80. Ra5 Rxg6 81. Rxb5+ Ka4 82. Rb8 Ra6 83. Rb1 a2 84. Re1 Kb3 0-1

[Event "27th Czech Open A 2016"]
[Site "Pardubice CZE"]
[Date "2016.07.28"]
[Round "7.63"]
[White "Neuman, Petr"]
[Black "Lorscheid, Gerhard"]
[Result "1/2-1/2"]
[WhiteTitle "GM"]
[BlackTitle "FM"]
[WhiteElo "2446"]
[BlackElo "2240"]
[WhiteFideId "305243"]
[BlackFideId "4606000"]
[EventDate "2016.07.22"]

1. e4 d6 2. d4 Nf6 3. Nc3 e5 4. Nf3 Nbd7 5. Bc4 Be7 6. a4 O-O 7. O-O c6 8. h3
exd4 9. Qxd4 Nc5 10. Be3 Qc7 11. Rad1 Be6 12. Bxe6 Nxe6 13. Qc4 b5 14. axb5 cxb5
15. Qxc7 Nxc7 16. Nd4 b4 17. Ncb5 Nxb5 18. Nxb5 Rfc8 19. Nxd6 Rxc2 20. Nf5 Bc5 1/2-1/2

[Event "27th Czech Open A 2016"]
[Site "Pardubice CZE"]
[Date "2016.07.28"]
[Round "7.64"]
[White "Praveen, Kumar C"]
[Black "Bryzgalin, Kirill"]
[Result "1/2-1/2"]
[WhiteTitle "IM"]
[BlackTitle "GM"]
[WhiteElo "2246"]
[BlackElo "2442"]
[WhiteFideId "5007372"]
[BlackFideId "4133285"]
[EventDate "2016.07.22"]

1. d4 d5 2. c4 c6 3. Nf3 Nf6 4. e3 Bg4 5. Qb3 Qb6 6. Ne5 Bf5 7. Be2 e6 8. O-O h6
9. Qd1 Qc7 10. Nd2 Bd6 11. f4 Nbd7 12. c5 Bxe5 13. fxe5 Ne4 14. Nxe4 Bxe4 15.
Bd2 O-O 16. Be1 f6 17. exf6 Nxf6 18. Bg3 Qf7 19. Bg4 Qd7 20. Bd6 Rf7 21. Bf3 1/2-1/2

[Event "27th Czech Open A 2016"]
[Site "Pardubice CZE"]
[Date "2016.07.28"]
[Round "7.65"]
[White "Holtman, Teodor"]
[Black "Kanovsky, David"]
[Result "0-1"]
[BlackTitle "IM"]
[WhiteElo "2238"]
[BlackElo "2430"]
[WhiteFideId "14933721"]
[BlackFideId "316210"]
[EventDate "2016.07.22"]

1. e4 c5 2. Nf3 Nc6 3. Nc3 g6 4. d4 cxd4 5. Nxd4 Bg7 6. Nde2 Nf6 7. g3 b5 8. Bg2
b4 9. Nd5 Ba6 10. O-O Rc8 11. Bg5 e6 12. e5 exd5 13. exf6 Bxf6 14. Bh6 Bg5 15.
Bxg5 Qxg5 16. Re1 O-O 17. Nf4 d4 18. h4 Qf6 19. a3 Bc4 20. axb4 Nxb4 21. Qd2 Nc6
22. Ra4 Be6 23. Bxc6 Rxc6 24. Rxa7 Rfc8 25. Rc1 Bf5 26. Nd5 Qe5 27. Nb4 Rc4 28.
Nd3 Qb5 29. Ra5 Qb6 30. Raa1 Qc7 31. Nb4 Qb7 32. c3 Bh3 33. f4 dxc3 34. bxc3
Rxc3 35. Rxc3 Rxc3 36. Kh2 Qxb4 37. Rc1 Rc4 38. Qxb4 Rxb4 39. Kxh3 d5 40. Rc8+
Kg7 41. Rd8 Rd4 42. Kg2 Kf6 43. Re8 h5 44. Re5 Rd2+ 45. Kf3 d4 46. g4 hxg4+ 47.
Kxg4 d3 48. Kf3 Rh2 49. Kg3 Rh1 50. Rd5 Rd1 51. Kf3 Ke6 52. Rd4 f6 53. Ke3 d2
54. Ke2 Rh1 55. Kxd2 Kf5 56. Ke3 Rxh4 57. Kf3 Rh3+ 58. Kg2 Ra3 59. Kf2 Kg4 60.
Ke2 Ra6 61. Kf2 f5 62. Rb4 Re6 63. Kg2 Re2+ 64. Kf1 Re4 0-1

[Event "27th Czech Open A 2016"]
[Site "Pardubice CZE"]
[Date "2016.07.28"]
[Round "7.66"]
[White "Moehn, Hans"]
[Black "Contin, Daniel"]
[Result "1/2-1/2"]
[WhiteTitle "FM"]
[BlackTitle "IM"]
[WhiteElo "2413"]
[BlackElo "2232"]
[WhiteFideId "24647837"]
[BlackFideId "803618"]
[EventDate "2016.07.22"]

1. c4 c5 2. Nf3 Nf6 3. Nc3 e6 4. g3 b6 5. Bg2 Bb7 6. O-O Be7 7. d4 cxd4 8. Qxd4
d6 9. Bg5 Nbd7 10. Nb5 h6 11. Bxf6 Nxf6 12. Rfd1 d5 13. cxd5 exd5 14. Rac1 O-O
15. Qa4 a6 16. Nbd4 b5 17. Qb3 Qb6 18. e3 Ne4 19. Ne5 Nc5 20. Rxc5 Qxc5 21. Nd7
Qc4 22. Nxf8 Kxf8 23. Bf1 Qxb3 24. Nxb3 Rc8 25. Rd2 Bb4 26. Rd1 Rc2 27. Rc1 Rxc1
28. Nxc1 Ke7 29. Bg2 Kd6 30. Kf1 Kc7 31. Ke2 a5 32. Kd3 a4 33. a3 Be7 34. Kc2 b4
35. axb4 Bxb4 36. Nd3 Ba5 37. Ne5 f6 38. Nd3 Kd6 39. Nf4 g5 40. Nh5 f5 41. Bf1
Be1 42. f4 d4 43. exd4 Be4+ 44. Bd3 Kd5 45. Ng7 Kxd4 46. Nxf5+ Bxf5 47. Bxf5
gxf4 48. gxf4 1/2-1/2

[Event "27th Czech Open A 2016"]
[Site "Pardubice CZE"]
[Date "2016.07.28"]
[Round "7.67"]
[White "Kourousis, Epaminondas"]
[Black "Mueller, Constantin"]
[Result "0-1"]
[WhiteTitle "IM"]
[WhiteElo "2382"]
[BlackElo "2229"]
[WhiteFideId "4211626"]
[BlackFideId "24697630"]
[EventDate "2016.07.22"]

1. d4 e6 2. c4 d5 3. Nf3 Nf6 4. g3 Bb4+ 5. Bd2 Be7 6. Bg2 O-O 7. O-O c6 8. Qc2
b6 9. Bf4 Ba6 10. b3 Nbd7 11. Rd1 Rc8 12. Nc3 dxc4 13. e4 Bb4 14. Nd2 Qe7 15.
Nxc4 Bxc4 16. bxc4 e5 17. dxe5 Nxe5 18. Qb3 Bc5 19. Bxe5 Qxe5 20. Bf3 Rcd8 21.
Kg2 g6 22. Qc2 Rfe8 23. Rxd8 Rxd8 24. h4 h5 25. Be2 Bxf2 0-1

[Event "27th Czech Open A 2016"]
[Site "Pardubice CZE"]
[Date "2016.07.28"]
[Round "7.68"]
[White "Aguera Naredo, Javier"]
[Black "Dobes, Vojtech"]
[Result "1-0"]
[WhiteTitle "FM"]
[WhiteElo "2374"]
[BlackElo "2220"]
[WhiteFideId "2204169"]
[BlackFideId "333913"]
[EventDate "2016.07.22"]

1. e4 e5 2. Nf3 Nc6 3. Bb5 f5 4. Nc3 Nf6 5. d4 exd4 6. Nxd4 fxe4 7. O-O Be7 8.
Nf5 O-O 9. Bc4+ Kh8 10. Bg5 d5 11. Nxe7 Nxe7 12. Bxf6 Rxf6 13. Nxe4 Rf8 14. Ng5
h6 15. Bd3 Nf5 16. Nf3 Qf6 17. c3 Nh4 18. Nxh4 Qxh4 19. Qe2 Bd7 20. Qe5 Qf4 21.
Rae1 Qd2 22. Qg3 Bg4 23. Re7 Rae8 24. Rxc7 Re1 25. h3 Qxd3 26. Qxd3 Be2 27. Rxe1
Bxd3 28. Rxb7 1-0

[Event "27th Czech Open A 2016"]
[Site "Pardubice CZE"]
[Date "2016.07.28"]
[Round "7.69"]
[White "Plischki, Sebastian"]
[Black "Poulopoulos, Ioannis"]
[Result "1/2-1/2"]
[WhiteTitle "IM"]
[WhiteElo "2373"]
[BlackElo "2212"]
[WhiteFideId "4637143"]
[BlackFideId "4218078"]
[EventDate "2016.07.22"]

1. Nf3 Nf6 2. c4 e6 3. Nc3 Bb4 4. Qb3 a5 5. a3 Bxc3 6. Qxc3 a4 7. d4 b6 8. Bg5
d6 9. Nd2 Nbd7 10. e4 e5 11. f3 h6 12. Be3 Qe7 13. Be2 O-O 14. O-O Nh5 15. Rfe1
Nf4 16. Bxf4 exf4 17. Rad1 Qh4 18. Bd3 Ra5 19. Bc2 Re8 20. Nf1 Re6 21. Re2 Nf8
22. Rde1 c5 23. dxc5 Rxc5 24. Bxa4 Ba6 25. b4 Rxc4 26. Qd3 Rc1 27. Qd2 Rc7 28.
Rf2 Bc4 29. Rc1 Ng6 30. Qd4 Ne5 31. Nd2 Ra7 32. Nxc4 Rxa4 33. Qd1 b5 34. Nxe5
dxe5 35. Rc3 Rea6 36. Qc1 Qe7 37. Kh1 Qa7 38. Rf1 Rxa3 39. Rxa3 Rxa3 40. Qc8+
Kh7 41. Qf5+ Kg8 42. Qxe5 Qe3 43. Qxb5 Qc3 44. h3 Ra1 45. Rxa1 Qxa1+ 46. Kh2 g5
47. Qc5 Qe1 48. b5 Qg3+ 49. Kh1 Qe1+ 50. Qg1 Qb4 51. b6 Kh7 52. e5 Kg7 53. Kh2
Kh7 54. Qf2 Kg7 55. h4 gxh4 56. Qxh4 Qxb6 57. Qxf4 Qc5 58. Qf6+ Kg8 59. f4 Qf8
60. g3 Qc8 61. Qxh6 Qc2+ 62. Kh3 Qe2 63. Kh4 Qd3 64. e6 fxe6 65. Qxe6+ Kh8 66.
Qe8+ Kh7 67. Qe7+ Kh8 68. g4 Qc4 69. Kg5 Qg8+ 70. Kh5 Qf7+ 1/2-1/2

[Event "27th Czech Open A 2016"]
[Site "Pardubice CZE"]
[Date "2016.07.28"]
[Round "7.70"]
[White "Eret, Jonas"]
[Black "Soumya, Swaminathan"]
[Result "0-1"]
[BlackTitle "WGM"]
[WhiteElo "2236"]
[BlackElo "2370"]
[WhiteFideId "364495"]
[BlackFideId "5016193"]
[EventDate "2016.07.22"]

1. d4 g6 2. Nf3 Nf6 3. Bf4 Bg7 4. h3 O-O 5. e3 c5 6. c3 b6 7. Be2 Bb7 8. Nbd2 d6
9. O-O Nbd7 10. a4 a6 11. Rc1 Ra7 12. Bh2 Qa8 13. Qb3 Bc6 14. Qa3 b5 15. a5 Qb7
16. b4 c4 17. Ne1 e5 18. Bf3 Re8 19. Qb2 Raa8 20. Nc2 Rad8 21. Rcd1 Nb8 22. Rfe1
e4 23. Be2 h5 24. Bf4 Nd5 25. Bg3 Bh6 26. Nf1 Nf6 27. Qc1 Qd7 28. Nd2 Nd5 29.
Nb1 f5 30. f4 exf3 31. Bxf3 Qf7 32. Bf2 Nd7 33. Rf1 N7f6 34. Rde1 g5 35. Qd1 g4
36. hxg4 hxg4 37. Bxd5 Qxd5 38. e4 Nxe4 39. Ne3 Bxe3 40. Bxe3 Nxc3 41. Qc2 Ne4
42. Nc3 Qf7 43. d5 Bxd5 44. Bb6 Rc8 45. Qc1 Nxc3 46. Bd4 Ne4 47. Rxe4 Bxe4 48.
Qg5+ Kh7 49. Kf2 Bxg2 50. Kxg2 Qd5+ 51. Kg3 f4+ 52. Qxf4 Rf8 53. Bf6 Rxf6 54.
Qxf6 Qe5+ 0-1

[Event "27th Czech Open A 2016"]
[Site "Pardubice CZE"]
[Date "2016.07.28"]
[Round "7.71"]
[White "Karousos-Theodorakis, Nikolaos"]
[Black "Seger, Ruediger"]
[Result "0-1"]
[BlackTitle "IM"]
[WhiteElo "2222"]
[BlackElo "2368"]
[WhiteFideId "4275829"]
[BlackFideId "4617274"]
[EventDate "2016.07.22"]

1. c4 Nf6 2. Nc3 d5 3. cxd5 Nxd5 4. g3 g6 5. Bg2 Nxc3 6. bxc3 Bg7 7. Rb1 Nc6 8.
h4 h5 9. Qa4 O-O 10. Nh3 Qd7 11. O-O Nd8 12. Qxd7 Bxd7 13. Ba3 Re8 14. Ng5 c6
15. c4 Rc8 16. Rfd1 b6 17. d4 Ne6 18. c5 Nxg5 19. hxg5 b5 20. d5 a6 21. d6 exd6
22. e4 a5 23. Bb2 Bxb2 24. Rxb2 Re5 25. cxd6 Rxg5 26. Kh2 Rc5 27. f4 Kf8 28. Kg1
Rc3 29. Kf2 b4 30. Rdd2 c5 31. e5 c4 32. Bd5 Rc5 33. Rd4 Rc1 34. a3 c3 35. Rb3
c2 36. axb4 Rf1+ 37. Kxf1 c1=Q+ 38. Ke2 Rc2+ 0-1

[Event "27th Czech Open A 2016"]
[Site "Pardubice CZE"]
[Date "2016.07.28"]
[Round "7.72"]
[White "Xylogiannopoulos, Antonios"]
[Black "Jasny, Stanislav"]
[Result "1-0"]
[BlackTitle "IM"]
[WhiteElo "2231"]
[BlackElo "2367"]
[WhiteFideId "4215133"]
[BlackFideId "311030"]
[EventDate "2016.07.22"]

1. e4 c5 2. c3 d6 3. d4 Nf6 4. Bd3 Nc6 5. Nf3 e5 6. d5 Ne7 7. Bb5+ Bd7 8. Qe2
Ng6 9. a4 Be7 10. g3 O-O 11. Bxd7 Qxd7 12. h4 Qg4 13. Nbd2 Nh5 14. Ng5 Qxe2+ 15.
Kxe2 h6 16. Nh3 f5 17. exf5 Rxf5 18. Ne4 Raf8 19. Be3 Nf6 20. Nxf6+ R8xf6 21. g4
Rf3 22. h5 Nf8 23. Ng1 R3f4 24. Bxf4 Rxf4 25. f3 e4 26. fxe4 Rxe4+ 27. Kf3 Re5
28. Nh3 Rxd5 29. Rad1 Re5 30. Rhe1 Nd7 31. Rxe5 Nxe5+ 32. Kg3 Kf7 33. Nf4 Nc4
34. b3 Ne5 35. Rf1 Ke8 36. Ne6 Bf6 37. Nc7+ Kd7 38. Nd5 Be7 39. c4 Ke8 40. Nc7+
Kd7 41. Nd5 Ke8 42. Nxe7 Kxe7 43. Rd1 Ke6 44. Kf4 Nc6 45. g5 Nd4 46. Re1+ Kd7
47. gxh6 gxh6 48. Re3 a6 49. Ke4 Kc6 50. Rg3 b5 51. Rg6 Nxb3 52. axb5+ axb5 53.
cxb5+ Kxb5 54. Rxd6 c4 55. Rxh6 Nd2+ 56. Kd4 Nf3+ 57. Kc3 Kc5 58. Rf6 Nd4 59. h6
Nb5+ 60. Kb2 1-0

[Event "27th Czech Open A 2016"]
[Site "Pardubice CZE"]
[Date "2016.07.28"]
[Round "7.73"]
[White "Spalir, Jernej"]
[Black "Varitski, Igor"]
[Result "1-0"]
[WhiteTitle "FM"]
[BlackTitle "IM"]
[WhiteElo "2364"]
[BlackElo "2208"]
[WhiteFideId "14606518"]
[BlackFideId "14102862"]
[EventDate "2016.07.22"]

1. d4 e6 2. e4 d5 3. Nd2 dxe4 4. Nxe4 Bd7 5. Nf3 Bc6 6. Ng3 Nd7 7. Bd3 Ngf6 8.
O-O Be7 9. Re1 O-O 10. Ne5 Nxe5 11. dxe5 Nd7 12. Qg4 g6 13. Bh6 Re8 14. Rad1 Qc8
15. Nh5 Rd8 16. Re3 Nc5 17. Bg5 Rxd3 18. Bxe7 Rxd1+ 19. Qxd1 Nd7 20. Rh3 Qe8 21.
Qxd7 1-0

[Event "27th Czech Open A 2016"]
[Site "Pardubice CZE"]
[Date "2016.07.28"]
[Round "7.74"]
[White "Kulkarni, Bhakti"]
[Black "Klecker, Tadeas"]
[Result "1-0"]
[WhiteTitle "CM"]
[WhiteElo "2363"]
[BlackElo "2207"]
[WhiteFideId "5019516"]
[BlackFideId "326950"]
[EventDate "2016.07.22"]

1. d4 d5 2. c4 c6 3. Nc3 Nf6 4. e3 e6 5. Nf3 Nbd7 6. Bd3 dxc4 7. Bxc4 b5 8. Be2
Bb7 9. O-O a6 10. e4 b4 11. e5 bxc3 12. exf6 Nxf6 13. bxc3 Bd6 14. Qa4 Nd5 15.
Bd3 O-O 16. c4 Nf4 17. Bxf4 Bxf4 18. c5 a5 19. Rab1 Qc7 20. g3 Bh6 21. Rb6 Ra7
22. Rfb1 g6 23. Be4 Bg7 24. Bxc6 Bxc6 25. Qxc6 Qxc6 26. Rxc6 Rd8 27. Ne5 Bxe5
28. dxe5 Rd2 29. Rc1 Kg7 30. a4 Rb7 31. Rd6 Re2 32. c6 Rbb2 33. c7 Rxf2 34. c8=Q
Rg2+ 35. Kf1 Rxh2 36. Qc6 Rhf2+ 37. Kg1 1-0

[Event "27th Czech Open A 2016"]
[Site "Pardubice CZE"]
[Date "2016.07.28"]
[Round "7.75"]
[White "Erenberg, Ariel"]
[Black "Richterova, Natasa"]
[Result "0-1"]
[WhiteTitle "FM"]
[BlackTitle "WFM"]
[WhiteElo "2359"]
[BlackElo "2191"]
[WhiteFideId "2811634"]
[BlackFideId "350591"]
[EventDate "2016.07.22"]

1. e4 Nf6 2. e5 Nd5 3. d4 d6 4. c4 Nb6 5. exd6 cxd6 6. Nc3 g6 7. Nf3 Bg7 8. Be2
O-O 9. Be3 Bg4 10. b3 d5 11. c5 Nc8 12. O-O e6 13. b4 b6 14. Rc1 a6 15. Qa4 Bxf3
16. Bxf3 Ra7 17. Rfd1 b5 18. Qb3 Nc6 19. a4 bxa4 20. Qxa4 N8e7 21. Be2 Qc8 22.
Ra1 Qb8 23. Rab1 Qc8 24. Rd2 Nf5 25. Ra2 Ncxd4 26. Bxa6 Qc7 27. Qa3 Be5 28. b5
Nxe3 29. fxe3 Nf5 30. g3 Bxg3 31. b6 Bxh2+ 32. Kh1 Rxa6 33. bxc7 Rxa3 34. Rxa3
Bxc7 35. Nb5 Be5 36. c6 Rc8 37. Na7 Ra8 38. Rb7 Nd6 39. Rd7 Ne8 40. Nb5 Rxa3 41.
Nxa3 Nc7 42. Nc2 Kf8 43. Nb4 Nb5 44. Rb7 Nc7 45. Nd3 Bd6 46. Nb2 Ke7 47. Na4 Be5
48. Kg2 Kd6 49. Rb6 f5 50. Kf3 g5 51. Nb2 g4+ 52. Kg2 h5 53. Nd3 Bf6 54. Nb4 h4
55. Rb8 h3+ 56. Kh1 Bg5 57. Nc2 Kxc6 58. Rf8 Kd6 59. Kg1 Ke5 60. Kf2 Bh4+ 61.
Kf1 Ke4 62. Rc8 Nb5 63. Rc5 Nd6 64. Rc6 Bg3 65. Nd4 Kxe3 66. Nxe6 Ne4 67. Ra6
Bd6 68. Ng7 Kf4 69. Ra2 g3 70. Ne6+ Ke5 0-1